Tobacco in history and culture : (Record no. 957)

MARC details
000 -LEADER
fixed length control field 01265pam a22004334a 4500
005 - DATE AND TIME OF LATEST TRANSACTION
control field 20260322212041.0
008 - FIXED-LENGTH DATA ELEMENTS--GENERAL INFORMATION
fixed length control field data
010 ## - LIBRARY OF CONGRESS CONTROL NUMBER
LC control number 2004007109
020 ## - INTERNATIONAL STANDARD BOOK NUMBER
International Standard Book Number 9780684314061 (v. 1)
020 ## - INTERNATIONAL STANDARD BOOK NUMBER
International Standard Book Number 0684314061 (v. 1)
020 ## - INTERNATIONAL STANDARD BOOK NUMBER
Canceled/invalid ISBN 978068431407X (v. 2)
020 ## - INTERNATIONAL STANDARD BOOK NUMBER
International Standard Book Number 068431407X (v. 2)
020 ## - INTERNATIONAL STANDARD BOOK NUMBER
International Standard Book Number 0684314053 (set)
020 ## - INTERNATIONAL STANDARD BOOK NUMBER
International Standard Book Number 9780684314068 (v. 1)
040 ## - CATALOGING SOURCE
Original cataloging agency DLC
Transcribing agency DLC
041 09 - LANGUAGE CODE
Language code of text/sound track or separate title eng
042 ## - AUTHENTICATION CODE
Authentication code nlmcopyc
-- nlmcopyc
044 ## - COUNTRY OF PUBLISHING/PRODUCING ENTITY CODE
-- United States
050 00 - LIBRARY OF CONGRESS CALL NUMBER
Classification number GT3020
Item number .T594 2004
060 10 - NATIONAL LIBRARY OF MEDICINE CALL NUMBER
Classification number WM 13
Item number T628 2005
082 00 - DEWEY DECIMAL CLASSIFICATION NUMBER
Classification number 394.1/4
Edition information 22
092 ## - LOCALLY ASSIGNED DEWEY CALL NUMBER (OCLC)
Classification number 394.1 T628 2005
001 - CONTROL NUMBER
control field data
245 00 - TITLE STATEMENT
Title Tobacco in history and culture :
Remainder of title an encyclopedia /
Statement of responsibility, etc. edited by Jordan Goodman.
260 ## - PUBLICATION, DISTRIBUTION, ETC.
Place of publication, distribution, etc. Detroit :
Name of publisher, distributor, etc. Thomson Gale,
Date of publication, distribution, etc. c2005.
300 ## - PHYSICAL DESCRIPTION
Extent 2 v. (xvi, 738 p.) :
Other physical details ill., ports.
490 1# - SERIES STATEMENT
Series statement Scribner turning points library
504 ## - BIBLIOGRAPHY, ETC. NOTE
Bibliography, etc. note Includes bibliographical references and index.
505 0# - FORMATTED CONTENTS NOTE
Formatted contents note v. 1. Addiction--Music, popular -- v. 2. Native Americans--Zimbabwe.
650 12 - SUBJECT ADDED ENTRY--TOPICAL TERM
Topical term or geographic name entry element Smoking
650 12 - SUBJECT ADDED ENTRY--TOPICAL TERM
Topical term or geographic name entry element Tobacco
655 #2 - INDEX TERM--GENRE/FORM
Genre/form data or focus term Encyclopedias
700 1# - ADDED ENTRY--PERSONAL NAME
Personal name Goodman, Jordan.
830 #0 - SERIES ADDED ENTRY--UNIFORM TITLE
Uniform title Scribner turning points library.
986 ## -
-- JCY20041124
992 ## -
-- P2
-- E4
-- 20041213
993 ## -
-- OXS
-- 20041215
994 ## -
-- CDN
-- 20041216
Holdings
Withdrawn status Lost status Damaged status Not for loan Home library Current library Shelving location Date acquired Total checkouts Full call number Barcode Date last seen Price effective from Koha item type
        Troy Troy General stacks 22/03/2026   394.1/4 22 BC0010989 22/03/2026 22/03/2026 Books